Statistics for World Cities Quiz

Click here to take the quiz!

General Stats

  • This quiz has been taken 511 times
  • The average score is 18 of 30

Answer Stats

Cities Country % Correct
Beijing, Shanghai, WuhanChina
96%
Peterborough, Chelmsford, TruroUnited Kingdom
89%
Ecatepec, Zapopan, TijuanaMexico
87%
Hamilton, Tauranga, AucklandNew Zealand
86%
Antwerp, Ghent, CharleroiBelgium
85%
Gothenburg, Uppsala, LundSweden
84%
Naperville, Miramar, Simi ValleyUnited States
82%
Graz, Klagenfurt, InnsbruckAustria
81%
Mulhouse, Angers, PauFrance
81%
Izmir, Bursa, GaziantepTurkey
81%
Novi Sad, Belgrade, SuboticaSerbia
80%
Thane, Assam, MaharashtraIndia
78%
Quetta, Jhang, HyderabadPakistan
77%
Nha Trang, Vinh, PleikuVietnam
73%
Iquitos, Cusco, ChachapoyasPeru
72%
Aleppo, Daraa, Deir ez-ZorSyria
71%
Mississauga, London, MarkhamCanada
70%
Plovdiv, Varna, BurgasBulgaria
55%
Debrecen, Szeged, EsztergomHungary
51%
Oran, Constantitne, AnnabaAlgeria
49%
Castries, Vieux Fort, Anse La RayeSt. Lucia
40%
Selfoss, Seltjarnarnes, AkureyriIceland
37%
David, Colon, Santiago de VeraguasPanama
31%
Zinder, Agadez, MaradiNiger
30%
Nieuw Nickerie, Nieuw Amsterdam, LelydorpSuriname
30%
Masya, Matagalpa, GranadaNicaragua
28%
Elbasan, Fier, BeratAlbania
26%
Benguela, Cabinda, N'dalatandoAngola
24%
Carrefour, Jacmel, Saint-MarcHaiti
23%
Muharraq, Isa Town, Hamad TownBahrain
18%

Score Distribution

Percentile by Number Answered

Percent of People with Each Score

Your Score History

You have not taken this quiz